[Event "17. Europa ch Juvenil - Masculino s18"]
[Site "Sibenik CRO"]
[Date "2007.09.18"]
[Round "5.24"]
[White "Raisanen, Kim"]
[Black "Caspi, Israel"]
[Result "1-0"]
[WhiteElo "2062"]
[BlackElo "2318"]
[PlyCount "227"]
[EventDate "2007.09.14"]
[EventType "swiss"]
[EventRounds "9"]
[EventCountry "CRO"]
[Source "lmi"]
[SourceDate "2007.09.14"]

1. c4 Nf6 2. g3 g6 3. Bg2 Bg7 4. Nc3 O-O 5. d3 d6 6. Rb1 e5 7. b4 a6 8. Nf3 h6
9. O-O Be6 10. a4 Nbd7 11. Qb3 c6 12. Nd2 Qc7 13. Ba3 b5 14. Rfc1 Qb6 15. e3
Rac8 16. Qd1 d5 17. cxd5 cxd5 18. a5 Qb7 19. Ne2 Rfd8 20. Nb3 Bf8 21. d4 Bf5
22. Rxc8 Rxc8 23. Rc1 Rc4 24. Nd2 Rxc1 25. Bxc1 e4 26. Nb3 Bd6 27. Nc5 Qc8 28.
Bb2 Bg4 29. Qd2 Nf8 30. Kf1 N8h7 31. Ke1 Ng5 32. Qc3 Kg7 33. Ng1 Ng8 34. Qc2
Ne7 35. Kd2 Kf8 36. Kc1 Ke8 37. Kb1 Kd8 38. h3 Bf5 39. h4 Nh7 40. Ne2 Nf6 41.
Bc3 Kc7 42. Be1 Kb8 43. Bf1 Ka7 44. Nc3 Qe8 45. Nxa6 Bd7 46. Nc7 Bxc7 47. Nxb5+
Bxb5 48. Qxc7+ Ka8 49. Bxb5 Qxb5 50. Qd8+ Kb7 51. Qxe7+ Nd7 52. Bc3 Qc6 53.
Qxf7 Ka6 54. Kb2 Kb5 55. f3 Nf6 56. fxe4 Ka4 57. exd5 Qc4 58. Qxf6 Qb3+ 59. Kc1
Qxc3+ 60. Kd1 Qd3+ 61. Ke1 Qxe3+ 62. Kf1 Qxg3 63. a6 Qd3+ 64. Kf2 Qd2+ 65. Kf3
Qd3+ 66. Kf4 Qf1+ 67. Ke5 Qe2+ 68. Kd6 Qxa6+ 69. Ke7 Qb7+ 70. Ke6 g5 71. hxg5
hxg5 72. Qxg5 Qc8+ 73. Ke5 Qe8+ 74. Kf5 Qd7+ 75. Ke4 Kxb4 76. Qd2+ Kb3 77. Qd1+
Kb2 78. Qf3 Qe7+ 79. Kd3 Qh7+ 80. Qe4 Qh3+ 81. Qe3 Qf5+ 82. Qe4 Qh3+ 83. Kd2
Qc3+ 84. Ke2 Qc4+ 85. Kf2 Kc3 86. d6 Qa2+ 87. Qe2 Qa7 88. Qe1+ Kd3 89. Qd1+ Kc3
90. Ke3 Qh7 91. Qd2+ Kc4 92. Qa2+ Kb4 93. Qb2+ Kc4 94. Qc1+ Kb3 95. Qc5 Qh4 96.
Qd5+ Kc3 97. d7 Qe7+ 98. Kf4 Qh4+ 99. Kf5 Qh7+ 100. Ke6 Qg8+ 101. Kd6 Qd8 102.
Qc5+ Kd3 103. d5 Qb8+ 104. Qc7 Qb4+ 105. Kc6 Qc4+ 106. Kb6 Qd4+ 107. Qc5 Qh4
108. Kc7 Qh7 109. Kc8 Qf5 110. Qb6 Kd2 111. Qa5+ Kc1 112. Kb8 Qb1+ 113. Ka7 Qh7
114. Qc7+ 1-0

[Event "17. Europa ch Juvenil - Masculino s18"]
[Site "Sibenik CRO"]
[Date "2007.09.19"]
[Round "6.2"]
[White "Can, Emre"]
[Black "Bindrich, Falko"]
[Result "1/2-1/2"]
[WhiteElo "2411"]
[BlackElo "2504"]
[PlyCount "62"]
[EventDate "2007.09.14"]
[EventType "swiss"]
[EventRounds "9"]
[EventCountry "CRO"]
[Source "lmi"]
[SourceDate "2007.09.14"]

1. e4 e5 2. Nf3 Nc6 3. d4 exd4 4. Nxd4 Bc5 5. Be3 Qf6 6. c3 Nge7 7. g3 d5 8.
Bg2 Nxd4 9. cxd4 Bb4+ 10. Nc3 Bxc3+ 11. bxc3 dxe4 12. Bxe4 O-O 13. O-O c6 14.
Qd2 h6 15. c4 Nf5 16. Bg2 Re8 17. Rac1 Bd7 18. Rfd1 Rad8 19. Bf4 c5 20. Bc7 Rc8
21. Be5 Qa6 22. Qb2 b6 23. dxc5 Ba4 24. Re1 Rxc5 25. g4 Nh4 26. Bxg7 Rxe1+ 27.
Rxe1 Qxc4 28. h3 Nxg2 29. Bxh6 Qc3 30. Qxc3 Rxc3 31. Kxg2 Bc6+ 1/2-1/2

[Event "17. Europa ch Juvenil - Masculino s18"]
[Site "Sibenik CRO"]
[Date "2007.09.19"]
[Round "6.3"]
[White "Zhigalko, Sergei"]
[Black "Llorente Zaro, Alfonso"]
[Result "1/2-1/2"]
[WhiteElo "2560"]
[BlackElo "2422"]
[PlyCount "49"]
[EventDate "2007.09.14"]
[EventType "swiss"]
[EventRounds "9"]
[EventCountry "CRO"]
[Source "lmi"]
[SourceDate "2007.09.14"]

1. e4 e5 2. Nf3 Nc6 3. Bb5 Nd4 4. Nxd4 exd4 5. O-O c6 6. Bc4 Nf6 7. Re1 d6 8.
c3 Ng4 9. h3 Ne5 10. Bf1 d3 11. Re3 g5 12. Bxd3 g4 13. Be2 gxh3 14. d4 hxg2 15.
Rg3 Ng6 16. Bg4 Be7 17. Bh6 Rg8 18. Nd2 Bh4 19. Rxg2 Bxf2+ 20. Rxf2 Qh4 21. Rg2
Qxh6 22. Bxc8 Rxc8 23. Qf3 Qxd2 24. Rxd2 Nh4+ 25. Kf2 1/2-1/2

[Event "17. Europa ch Juvenil - Masculino s18"]
[Site "Sibenik CRO"]
[Date "2007.09.19"]
[Round "6.4"]
[White "Kravtsiv, Martyn"]
[Black "Figura, Atila Gajo"]
[Result "1-0"]
[WhiteElo "2492"]
[BlackElo "2413"]
[PlyCount "128"]
[EventDate "2007.09.14"]
[EventType "swiss"]
[EventRounds "9"]
[EventCountry "CRO"]
[Source "lmi"]
[SourceDate "2007.09.14"]

1. e4 e5 2. Nf3 Nc6 3. Bb5 a6 4. Ba4 Nf6 5. O-O Be7 6. Bxc6 dxc6 7. d3 Nd7 8.
Nbd2 O-O 9. Nc4 f6 10. Nh4 g6 11. Bh6 Rf7 12. Qg4 Bf8 13. Bxf8 Nxf8 14. Qg3 Ne6
15. Kh1 a5 16. a4 b6 17. Nf5 Qf8 18. Nfe3 Ba6 19. f3 Rd8 20. Qf2 Bb7 21. Rfe1
c5 22. Na3 Nd4 23. Nac4 Ne6 24. Nd2 Qg7 25. Kg1 Nd4 26. Ndc4 Re8 27. Kh1 f5 28.
exf5 gxf5 29. c3 Ne6 30. Qg3 Qxg3 31. hxg3 Ng7 32. g4 f4 33. Nd1 Rfe7 34. Nf2
Kf7 35. Re2 h5 36. Rae1 Kf6 37. gxh5 Nxh5 38. Rxe5 Ng3+ 39. Kg1 Rxe5 40. Nxe5
Kf5 41. Nfg4 Re6 42. Kf2 Bd5 43. Nc4 Rxe1 44. Kxe1 Ke6 45. Nf2 Nf5 46. Ke2 Ng3+
47. Ke1 Nf5 48. Nh3 Bxc4 49. dxc4 Ke5 50. Ke2 Nh4 51. Kf2 Nf5 52. b3 c6 53. Ng1
Nd6 54. Ke2 Nf5 55. Nh3 Nh4 56. Kf2 Nf5 57. Ng5 Nd6 58. Ke2 Kf5 59. Nh3 b5 60.
cxb5 cxb5 61. axb5 Nxb5 62. Kd3 Nd6 63. Nf2 Ke5 64. c4 Kf5 1-0

[Event "17. Europa ch Juvenil - Masculino s18"]
[Site "Sibenik CRO"]
[Date "2007.09.19"]
[Round "6.5"]
[White "Ronchetti, Niccolo"]
[Black "Grigoryan, Avetik"]
[Result "1/2-1/2"]
[WhiteElo "2410"]
[BlackElo "2489"]
[PlyCount "73"]
[EventDate "2007.09.14"]
[EventType "swiss"]
[EventRounds "9"]
[EventCountry "CRO"]
[Source "lmi"]
[SourceDate "2007.09.14"]

1. e4 e6 2. d4 d5 3. Nc3 Bb4 4. e5 Ne7 5. a3 Bxc3+ 6. bxc3 c5 7. Qg4 O-O 8. Bd3
Nbc6 9. Qh5 Ng6 10. Nf3 Qc7 11. Be3 c4 12. Bxg6 fxg6 13. Qg4 Qf7 14. Ng5 Qe8
15. h4 Bd7 16. Qe2 Ne7 17. g4 Qc8 18. Nh3 Be8 19. Nf4 b5 20. h5 gxh5 21. Nxh5
Bg6 22. Nf4 a5 23. Nxg6 Nxg6 24. f4 Rf7 25. Qh2 Nf8 26. O-O Ng6 27. Qh3 Ne7 28.
Kg2 Qd7 29. Rh1 h6 30. Qh5 Ra6 31. Rhf1 Ra8 32. Rh1 Qc6 33. Raf1 b4 34. f5 Raf8
35. Rf3 Qa4 36. axb4 Qxc2+ 37. Rf2 1/2-1/2

[Event "17. Europa ch Juvenil - Masculino s18"]
[Site "Sibenik CRO"]
[Date "2007.09.19"]
[Round "6.6"]
[White "Rakhmanov, Aleksandr"]
[Black "Matsenko, Sergei"]
[Result "1-0"]
[WhiteElo "2489"]
[BlackElo "2406"]
[PlyCount "75"]
[EventDate "2007.09.14"]
[EventType "swiss"]
[EventRounds "9"]
[EventCountry "CRO"]
[Source "lmi"]
[SourceDate "2007.09.14"]

1. d4 d5 2. c4 c6 3. Nc3 Nf6 4. e3 e6 5. Bd2 Nbd7 6. Rc1 Be7 7. cxd5 exd5 8.
Bd3 Bd6 9. Nge2 O-O 10. f3 c5 11. O-O a6 12. Qe1 Re8 13. Qh4 Nf8 14. g4 h6 15.
Kh1 b5 16. dxc5 Bxc5 17. Nd4 Bb6 18. b3 Bb7 19. Bb1 Rc8 20. Nce2 Rxc1 21. Rxc1
N6d7 22. Qf2 Ba5 23. Bxa5 Qxa5 24. Ng3 g6 25. h4 Ne6 26. h5 Nxd4 27. exd4 Nf8
28. hxg6 fxg6 29. f4 Qb6 30. f5 Qf6 31. Rc7 Bc8 32. Kg2 gxf5 33. Nh5 Qd6 34.
Rg7+ Kh8 35. gxf5 Nh7 36. Rg6 Rg8 37. Qe3 Qd7 38. Qe5+ 1-0

[Event "17. Europa ch Juvenil - Masculino s18"]
[Site "Sibenik CRO"]
[Date "2007.09.19"]
[Round "6.7"]
[White "Potapov, Pavel"]
[Black "Edouard, Romain"]
[Result "1/2-1/2"]
[WhiteElo "2386"]
[BlackElo "2483"]
[PlyCount "85"]
[EventDate "2007.09.14"]
[EventType "swiss"]
[EventRounds "9"]
[EventCountry "CRO"]
[Source "lmi"]
[SourceDate "2007.09.14"]

1. e4 c5 2. c3 d5 3. exd5 Qxd5 4. Nf3 Nf6 5. d4 e6 6. Na3 Qd8 7. Nc2 Be7 8. Bd3
O-O 9. O-O Qc7 10. Bg5 Nbd7 11. Bh4 b6 12. Bg3 Bd6 13. Ne3 Bb7 14. dxc5 Bxg3
15. hxg3 Nxc5 16. Be2 Rad8 17. Qc1 Nd3 18. Bxd3 Rxd3 19. Rd1 Rxd1+ 20. Qxd1 Nd5
21. Nxd5 Bxd5 22. Qe2 Rc8 23. Qe3 f6 24. a3 Qc5 25. Nd4 e5 26. Nf5 Qxe3 27.
Nxe3 Bb3 28. Kf1 Kf7 29. Ke2 Ke6 30. Rh1 h6 31. g4 Rc7 32. f3 b5 33. Re1 Rd7
34. Kf2 Kd6 35. g3 Kc5 36. f4 exf4 37. gxf4 g6 38. Rh1 Rd2+ 39. Kf3 Rxb2 40.
Rxh6 Bf7 41. f5 gxf5 42. gxf5 Rb3 43. Ke4 1/2-1/2

[Event "17. Europa ch Juvenil - Masculino s18"]
[Site "Sibenik CRO"]
[Date "2007.09.19"]
[Round "6.8"]
[White "Szabo, Krisztian"]
[Black "Martemianov, Iaroslav"]
[Result "1/2-1/2"]
[WhiteElo "2482"]
[BlackElo "2333"]
[PlyCount "88"]
[EventDate "2007.09.14"]
[EventType "swiss"]
[EventRounds "9"]
[EventCountry "CRO"]
[Source "lmi"]
[SourceDate "2007.09.14"]

1. e4 e6 2. d4 d5 3. Nc3 Nf6 4. Bg5 Bb4 5. e5 h6 6. Be3 Ne4 7. Qg4 g6 8. a3
Bxc3+ 9. bxc3 Nxc3 10. Bd3 Nc6 11. h4 Ne7 12. Qf4 Nf5 13. Nf3 Bd7 14. Bc1 c5
15. dxc5 Ne4 16. g4 Qa5+ 17. Nd2 Ne7 18. O-O Nxc5 19. Be2 O-O-O 20. Nb3 Nxb3
21. cxb3 Nc6 22. b4 Qc7 23. Bb2 g5 24. Qd2 d4 25. b5 Qxe5 26. f4 gxf4 27. Rxf4
Qc7 28. bxc6 Bxc6 29. Raf1 Rd7 30. Bf3 Bxf3 31. R4xf3 Kb8 32. Qf4 e5 33. Qe4
Re8 34. Rd3 Re6 35. Bc1 Qc6 36. Re1 Qxe4 37. Rxe4 Kc7 38. Rd1 Kd6 39. Rde1 Rc7
40. h5 Kd5 41. Bxh6 Rxh6 42. Rxe5+ Kd6 43. R5e4 Kd5 44. Re5+ Kd6 1/2-1/2

[Event "17. Europa ch Juvenil - Masculino s18"]
[Site "Sibenik CRO"]
[Date "2007.09.19"]
[Round "6.10"]
[White "Olszewski, Michal"]
[Black "Genzling, Alain"]
[Result "1-0"]
[WhiteElo "2409"]
[BlackElo "2255"]
[PlyCount "91"]
[EventDate "2007.09.14"]
[EventType "swiss"]
[EventRounds "9"]
[EventCountry "CRO"]
[Source "lmi"]
[SourceDate "2007.09.14"]

1. e4 c5 2. Nf3 Nc6 3. c3 d5 4. exd5 Qxd5 5. d4 Nf6 6. Be3 cxd4 7. cxd4 e6 8.
Nc3 Qd6 9. a3 Be7 10. Bd3 O-O 11. Qc2 g6 12. Rc1 a6 13. O-O e5 14. d5 Nxd5 15.
Nxd5 Qxd5 16. Bh6 Re8 17. Bc4 Qa5 18. Qb3 Nd8 19. Bd2 Qc5 20. Bxf7+ Nxf7 21.
Rxc5 Bxc5 22. Ng5 Re7 23. Be3 Bd4 24. Qb4 Rc7 25. Ne4 Bf5 26. Bxd4 Bxe4 27.
Bxe5 Nxe5 28. Qxe4 Nc6 29. Rd1 Rf8 30. h4 Rcf7 31. Rd2 Kg7 32. b4 Re7 33. Qc4
Rf5 34. f3 Ref7 35. Qc3+ Kg8 36. Re2 Rf8 37. a4 R5f7 38. Qc4 Kg7 39. Qc5 Rf5
40. Qc3+ Kg8 41. b5 axb5 42. axb5 Nd8 43. Re7 R5f7 44. Qc4 Kg7 45. Qd4+ Kg8 46.
Qd5 1-0

[Event "17. Europa ch Juvenil - Masculino s18"]
[Site "Sibenik CRO"]
[Date "2007.09.19"]
[Round "6.12"]
[White "Tereick, Benjamin"]
[Black "Krstic, Petar"]
[Result "1-0"]
[WhiteElo "2404"]
[BlackElo "2327"]
[PlyCount "43"]
[EventDate "2007.09.14"]
[EventType "swiss"]
[EventRounds "9"]
[EventCountry "CRO"]
[Source "lmi"]
[SourceDate "2007.09.14"]

1. Nf3 d5 2. g3 e6 3. Bg2 Nf6 4. O-O Be7 5. c4 dxc4 6. Na3 a6 7. Nxc4 O-O 8. d4
Ra7 9. Nfe5 c5 10. dxc5 Bxc5 11. Nd3 Bd4 12. Bd2 b5 13. Ba5 Qe7 14. Bb4 Qd8 15.
Nd6 Qb6 16. e3 a5 17. Nxb5 Rd7 18. Bxf8 Bxe3 19. Qb3 Ba6 20. Ne5 Bxf2+ 21. Rxf2
Rd2 22. Raf1 1-0

[Event "17. Europa ch Juvenil - Masculino s18"]
[Site "Sibenik CRO"]
[Date "2007.09.19"]
[Round "6.13"]
[White "Golubenko, Valentina"]
[Black "Vernay, Clovis"]
[Result "0-1"]
[WhiteElo "2316"]
[BlackElo "2381"]
[PlyCount "102"]
[EventDate "2007.09.14"]
[EventType "swiss"]
[EventRounds "9"]
[EventCountry "CRO"]
[Source "lmi"]
[SourceDate "2007.09.14"]

1. c4 Nf6 2. Nc3 g6 3. d4 Bg7 4. e4 d6 5. Nf3 O-O 6. Be2 e5 7. O-O Nc6 8. d5
Ne7 9. b4 Nh5 10. c5 Nf4 11. Bxf4 exf4 12. Rc1 h6 13. cxd6 cxd6 14. Nb5 g5 15.
Nfd4 Ng6 16. Qd2 Qf6 17. Rfd1 Ne5 18. Qc2 a6 19. Nc7 Rb8 20. b5 axb5 21. Ncxb5
Ra8 22. Qc7 Rd8 23. a3 Bf8 24. Qc3 Bd7 25. Nc7 Rab8 26. Bb5 Bg4 27. f3 Bh5 28.
Be2 Bg6 29. Qb4 h5 30. Rb1 g4 31. Qd2 Bh6 32. Bf1 Kh7 33. Rb4 Rg8 34. Kh1 h4
35. h3 gxh3 36. gxh3 Bh5 37. Rb3 Rg3 38. Qf2 Rbg8 39. Kh2 Qg5 40. Rdd3 Nxd3 41.
Rxd3 Bg7 42. Ncb5 Be5 43. Ne2 Bg6 44. Kh1 Bxe4 45. Nxg3 fxg3 46. Qg2 Bxd3 47.
Bxd3+ Kh8 48. Bf1 Qe3 49. Qg1 Qxg1+ 50. Kxg1 Rc8 51. Bd3 Rc5 0-1

[Event "17. Europa ch Juvenil - Masculino s18"]
[Site "Sibenik CRO"]
[Date "2007.09.19"]
[Round "6.14"]
[White "Szekeres, Robert"]
[Black "Brzeski, Maciej"]
[Result "1/2-1/2"]
[WhiteElo "2209"]
[BlackElo "2356"]
[PlyCount "63"]
[EventDate "2007.09.14"]
[EventType "swiss"]
[EventRounds "9"]
[EventCountry "CRO"]
[Source "lmi"]
[SourceDate "2007.09.14"]

1. d4 Nf6 2. c4 c5 3. d5 e6 4. Nc3 exd5 5. cxd5 g6 6. e4 d6 7. Bd3 Bg7 8. h3
O-O 9. Nf3 b5 10. Bxb5 Nxe4 11. Nxe4 Qa5+ 12. Nfd2 Qxb5 13. Nxd6 Qa6 14. N2c4
Nd7 15. O-O Nb6 16. Nxb6 Qxb6 17. Nxc8 Raxc8 18. Rb1 Rfd8 19. Bf4 Qb7 20. d6
Bf8 21. Qd3 Bxd6 22. Bxd6 Rc6 23. Rfd1 Qd7 24. Qa3 Rxd6 25. Rxd6 Qxd6 26. Qxa7
Qd4 27. a4 Re8 28. a5 Re2 29. Qa8+ Kg7 30. Qf3 Rxb2 31. Rd1 Qf6 32. Qxf6+
1/2-1/2

[Event "17. Europa ch Juvenil - Masculino s18"]
[Site "Sibenik CRO"]
[Date "2007.09.19"]
[Round "6.15"]
[White "Hayrapetian, Ovik"]
[Black "Raisanen, Kim"]
[Result "1-0"]
[WhiteElo "2336"]
[BlackElo "2062"]
[PlyCount "79"]
[EventDate "2007.09.14"]
[EventType "swiss"]
[EventRounds "9"]
[EventCountry "CRO"]
[Source "lmi"]
[SourceDate "2007.09.14"]

1. d4 Nf6 2. c4 e6 3. Nc3 Bb4 4. Qc2 c5 5. dxc5 Na6 6. a3 Bxc3+ 7. Qxc3 Nxc5 8.
f3 a5 9. e4 d6 10. Bf4 Qc7 11. e5 Nh5 12. exd6 Qc6 13. Bg3 f6 14. Rd1 a4 15.
Ne2 Nxg3 16. hxg3 e5 17. Qc2 g6 18. Nc3 O-O 19. Be2 Be6 20. Nd5 Bxd5 21. Rxd5
Rfd8 22. Qd2 b6 23. O-O Rd7 24. f4 e4 25. Qd4 Rf8 26. g4 Rdd8 27. Rd1 Rd7 28.
g3 Qc8 29. g5 f5 30. Kf2 Qa8 31. Ke3 Qc8 32. Bf1 Qb8 33. Be2 Qd8 34. Rxc5 bxc5
35. Qxc5 Qb8 36. Qd5+ Rff7 37. c5 Qxb2 38. c6 Qb6+ 39. Rd4 Qb1 40. cxd7 1-0

[Event "17. Europa ch Juvenil - Masculino s18"]
[Site "Sibenik CRO"]
[Date "2007.09.19"]
[Round "6.16"]
[White "Vila Gazquez, Xavier"]
[Black "Katov, Luboslav"]
[Result "1-0"]
[WhiteElo "2429"]
[BlackElo "2277"]
[PlyCount "95"]
[EventDate "2007.09.14"]
[EventType "swiss"]
[EventRounds "9"]
[EventCountry "CRO"]
[Source "lmi"]
[SourceDate "2007.09.14"]

1. d4 Nf6 2. c4 e6 3. Nf3 Bb4+ 4. Bd2 Qe7 5. g3 Bxd2+ 6. Nbxd2 d6 7. Bg2 O-O 8.
e4 e5 9. d5 Bg4 10. Qc2 c6 11. dxc6 Nxc6 12. O-O Nd7 13. h3 Bxf3 14. Nxf3 Nc5
15. Rfe1 Rac8 16. h4 Ne6 17. Nd2 Ncd4 18. Qd1 b5 19. Rc1 Nc5 20. Nf1 bxc4 21.
Rxc4 Qb7 22. b3 Nd7 23. Ne3 Nb6 24. Rxd4 exd4 25. Qxd4 Qc7 26. Rd1 Qc5 27. Qd2
Qc3 28. Qxd6 Qc7 29. Qxc7 Rxc7 30. a4 Rd7 31. Rb1 Rb8 32. a5 Nc8 33. b4 Rdb7
34. Nd5 Ne7 35. a6 Rd7 36. Ne3 Rd6 37. Bf1 Rdb6 38. Nc2 Nc6 39. b5 Rxa6 40. Nb4
Nxb4 41. bxa6 Nxa6 42. Rc1 Nb4 43. Rc7 Ra8 44. Bc4 a5 45. Rxf7 Kh8 46. e5 Nc6
47. e6 Ne5 48. e7 1-0

[Event "17. Europa ch Juvenil - Masculino s18"]
[Site "Sibenik CRO"]
[Date "2007.09.19"]
[Round "6.17"]
[White "Beck, Frederik"]
[Black "Krivoborodov, Egor"]
[Result "1/2-1/2"]
[WhiteElo "2292"]
[BlackElo "2403"]
[PlyCount "125"]
[EventDate "2007.09.14"]
[EventType "swiss"]
[EventRounds "9"]
[EventCountry "CRO"]
[Source "lmi"]
[SourceDate "2007.09.14"]

1. e4 c5 2. Nf3 Nc6 3. d4 cxd4 4. Nxd4 Nf6 5. Nc3 d6 6. g3 Bg4 7. f3 Bd7 8. Be3
Nxd4 9. Bxd4 Qa5 10. Qd2 e5 11. Be3 Be7 12. O-O-O O-O 13. Kb1 Qc7 14. g4 Be6
15. g5 Nd7 16. Nb5 Qc6 17. Nxd6 Nc5 18. Bb5 Qb6 19. Qb4 Bxd6 20. Rxd6 Qxd6 21.
Bxc5 a5 22. Bxd6 axb4 23. b3 Rfc8 24. Bxb4 f6 25. gxf6 gxf6 26. f4 f5 27. fxe5
fxe4 28. Re1 Bf5 29. e6 e3 30. Bd3 Bxe6 31. Rxe3 Bf7 32. Rg3+ Bg6 33. Bxg6 hxg6
34. Rxg6+ Kf7 35. Rg5 Rc7 36. h4 Rg8 37. Rxg8 Kxg8 38. Bd2 Rd7 39. Bg5 Rd1+ 40.
Kb2 Rh1 41. Kc3 Rh2 42. a4 Kf7 43. b4 Ke6 44. Kb3 Kd5 45. c4+ Kd4 46. Bf6+ Kd3
47. a5 Rf2 48. Bg7 Rg2 49. Bf6 Rf2 50. Bb2 Rh2 51. b5 Rxh4 52. c5 Rh5 53. Kb4
Rh4+ 54. Kb3 Rh5 55. Ba3 Kd4 56. Ka4 Kd5 57. Kb3 Rh3+ 58. Kb4 Rh4+ 59. Kb3 Rh3+
60. Ka4 Rh4+ 61. Bb4 Rh8 62. Kb3 Rg8 63. Ka4 1/2-1/2

[Event "17. Europa ch Juvenil - Masculino s18"]
[Site "Sibenik CRO"]
[Date "2007.09.19"]
[Round "6.19"]
[White "Stupak, Kirill"]
[Black "Muheim, Lukas"]
[Result "1/2-1/2"]
[WhiteElo "2377"]
[BlackElo "2210"]
[PlyCount "83"]
[EventDate "2007.09.14"]
[EventType "swiss"]
[EventRounds "9"]
[EventCountry "CRO"]
[Source "lmi"]
[SourceDate "2007.09.14"]

1. d4 d5 2. Nf3 c6 3. g3 Nf6 4. Bg2 e6 5. O-O Be7 6. c4 O-O 7. Nc3 Nbd7 8. Nd2
b5 9. cxb5 cxb5 10. Nxb5 Qb6 11. Nc3 Qxd4 12. e4 Ba6 13. Nb3 Qb4 14. Re1 dxe4
15. Nxe4 Rad8 16. Bd2 Qb8 17. Qc2 Rc8 18. Nc3 Nb6 19. Rad1 Nbd5 20. Qb1 Rfd8
21. Nxd5 Nxd5 22. Ba5 Nb6 23. Qe4 Bf6 24. Rxd8+ Rxd8 25. Nc5 Bc4 26. Bxb6 Bd5
27. Qa4 Qxb6 28. Nd7 Qxb2 29. Nxf6+ gxf6 30. Bxd5 exd5 31. Qxa7 d4 32. Qe7 Qb6
33. Re4 h5 34. Rf4 Kg7 35. Qe2 d3 36. Qxh5 Qb1+ 37. Kg2 Qb7+ 38. Kg1 Qb1+ 39.
Kg2 Qb7+ 40. Kg1 Qb1+ 41. Kg2 Qb7+ 42. Kg1 1/2-1/2

[Event "17. Europa ch Juvenil - Masculino s18"]
[Site "Sibenik CRO"]
[Date "2007.09.19"]
[Round "6.20"]
[White "Hrabusa, Matej"]
[Black "Huerga Leache, Mikel"]
[Result "1-0"]
[WhiteElo "2277"]
[BlackElo "2370"]
[PlyCount "61"]
[EventDate "2007.09.14"]
[EventType "swiss"]
[EventRounds "9"]
[EventCountry "CRO"]
[Source "lmi"]
[SourceDate "2007.09.14"]

1. e4 e6 2. d4 d5 3. Nd2 Nf6 4. e5 Nfd7 5. Bd3 c5 6. c3 Nc6 7. Ne2 cxd4 8. cxd4
f6 9. exf6 Nxf6 10. Nf3 Bd6 11. O-O O-O 12. Bf4 Bxf4 13. Nxf4 Ng4 14. g3 g5 15.
Nh3 e5 16. dxe5 h6 17. Re1 Rxf3 18. Qxf3 Ngxe5 19. Qh5 Kg7 20. Be2 Bf5 21. Nf4
Qc8 22. g4 Be4 23. f3 Bg6 24. Nxg6 Nxg6 25. Qh3 Nf4 26. Qf1 Qc7 27. Kh1 Rh8 28.
Bb5 h5 29. Bxc6 hxg4 30. Qg1 g3 31. Qxg3 1-0

[Event "17. Europa ch Juvenil - Masculino s18"]
[Site "Sibenik CRO"]
[Date "2007.09.19"]
[Round "6.21"]
[White "Szwed, Jacek"]
[Black "Guramishvili, Sopiko"]
[Result "1-0"]
[WhiteElo "2364"]
[BlackElo "2273"]
[PlyCount "111"]
[EventDate "2007.09.14"]
[EventType "swiss"]
[EventRounds "9"]
[EventCountry "CRO"]
[Source "lmi"]
[SourceDate "2007.09.14"]

1. e4 c5 2. Nf3 d6 3. d4 cxd4 4. Nxd4 Nf6 5. f3 e5 6. Nb3 d5 7. Bg5 Be6 8. Bxf6
gxf6 9. exd5 Qxd5 10. Qxd5 Bxd5 11. Nc3 Be6 12. Nb5 Kd8 13. O-O-O+ Nd7 14. Bd3
f5 15. Rhe1 a6 16. Nc3 Bb4 17. Bf1 Bxc3 18. bxc3 Ke7 19. f4 f6 20. fxe5 fxe5
21. g3 h5 22. Bg2 Rab8 23. Bd5 Rh6 24. Kb2 Bxd5 25. Rxd5 Rd6 26. Ra5 b5 27. Kc1
Rc8 28. Re3 Kf6 29. a4 Nb6 30. Rxa6 bxa4 31. Nd2 Rcc6 32. Rd3 Re6 33. Rd8 e4
34. Rh8 e3 35. Nf3 e2 36. Rh6+ Kg7 37. Rxe6 Rxe6 38. Ra7+ Kf6 39. Kd2 h4 40.
gxh4 Nd5 41. Rxa4 Re3 42. Ra6+ Kf7 43. c4 Rxf3 44. cxd5 Re3 45. Ke1 Rh3 46.
Kxe2 Rxh2+ 47. Kd3 Rxh4 48. c4 Ke7 49. c5 Rb4 50. Re6+ Kd8 51. Rf6 f4 52. Rf7
Ke8 53. Rh7 Kd8 54. d6 Ke8 55. c6 Rb6 56. d7+ 1-0

[Event "17. Europa ch Juvenil - Masculino s18"]
[Site "Sibenik CRO"]
[Date "2007.09.19"]
[Round "6.22"]
[White "Galazewski, Tomasz"]
[Black "Baryshpolets, Andrey"]
[Result "0-1"]
[WhiteElo "2259"]
[BlackElo "2307"]
[PlyCount "52"]
[EventDate "2007.09.14"]
[EventType "swiss"]
[EventRounds "9"]
[EventCountry "CRO"]
[Source "lmi"]
[SourceDate "2007.09.14"]

1. Nf3 Nf6 2. g3 g6 3. Bg2 Bg7 4. O-O O-O 5. d3 d6 6. e4 c5 7. Nbd2 Nc6 8. Re1
Rb8 9. a4 a6 10. c3 Nd7 11. Nb3 b5 12. axb5 axb5 13. d4 cxd4 14. Nfxd4 Nde5 15.
Qe2 Bd7 16. Nxc6 Bxc6 17. Nd4 Bd7 18. b3 Qc7 19. Bb2 Qb6 20. Qd2 Rfc8 21. Ra2
b4 22. cxb4 Qxb4 23. Qe2 Nd3 24. Rd1 Nxb2 25. Qxb2 Bxd4 26. Rxd4 Qe1+ 0-1

[Event "17. Europa ch Juvenil - Masculino s18"]
[Site "Sibenik CRO"]
[Date "2007.09.19"]
[Round "6.23"]
[White "Cartas, Octavian-Mihai"]
[Black "Brunello, Sabino"]
[Result "0-1"]
[WhiteElo "2111"]
[BlackElo "2475"]
[PlyCount "110"]
[EventDate "2007.09.14"]
[EventType "swiss"]
[EventRounds "9"]
[EventCountry "CRO"]
[Source "lmi"]
[SourceDate "2007.09.14"]

1. d4 Nf6 2. Nf3 e6 3. Bg5 h6 4. Bxf6 Qxf6 5. e4 Nc6 6. c3 d6 7. Nbd2 Bd7 8.
Bb5 g5 9. d5 exd5 10. exd5 Qe7+ 11. Kf1 Ne5 12. Qa4 O-O-O 13. Bxd7+ Qxd7 14.
Qxd7+ Rxd7 15. Nd4 f5 16. Nxf5 Rf7 17. Ne3 Nd3 18. Ke2 Nxb2 19. a4 Rf4 20. c4
Bg7 21. g3 Rf7 22. Ra2 Bd4 23. Rc1 Rxf2+ 24. Kxf2 Nd3+ 25. Kf3 Nxc1 26. Rc2 Nd3
27. Ke4 Bxe3 28. Kxd3 Bb6 29. Ra2 Rf8 30. Ra1 Rf2 31. Rh1 Ba5 32. Ne4 Rf3+ 33.
Ke2 Ra3 34. h4 Rxa4 35. hxg5 hxg5 36. Rh8+ Kd7 37. Rh7+ Kd8 38. Kd3 Ra3+ 39.
Ke2 b5 40. cxb5 Kc8 41. Rg7 Bb6 42. Nxg5 Re3+ 43. Kf1 Re5 44. Rg8+ Kb7 45. Ne6
Rxd5 46. Nd8+ Kc8 47. Nc6+ Kd7 48. Rd8+ Ke6 49. Rb8 Kf6 50. Rb7 Rxb5 51. Nxa7
Rc5 52. Ke2 Ke6 53. Nc8 Ba5 54. Kf3 Kd7 55. Na7 Bb6 0-1

[Event "17. Europa ch Juvenil - Masculino s18"]
[Site "Sibenik CRO"]
[Date "2007.09.19"]
[Round "6.24"]
[White "Vocaturo, Daniele"]
[Black "Roberson, Peter Thomas"]
[Result "1/2-1/2"]
[WhiteElo "2459"]
[BlackElo "2209"]
[PlyCount "108"]
[EventDate "2007.09.14"]
[EventType "swiss"]
[EventRounds "9"]
[EventCountry "CRO"]
[Source "lmi"]
[SourceDate "2007.09.14"]

1. e4 c6 2. c4 d5 3. exd5 cxd5 4. cxd5 Nf6 5. Nc3 Nxd5 6. Nf3 Nc6 7. Bb5 Nxc3
8. bxc3 Qd5 9. Qa4 Qe6+ 10. Kf1 Bd7 11. d4 a6 12. Bc4 Qf5 13. Qd1 Na5 14. Bb3
Nxb3 15. axb3 e6 16. h4 Rd8 17. Qe2 Bd6 18. h5 Bc6 19. Nh4 Qf6 20. Bb2 g5 21.
c4 gxh4 22. d5 e5 23. dxc6 bxc6 24. Rxa6 Rg8 25. Rxc6 Qf5 26. Kg1 Qb1+ 27. Kh2
Qf5 28. Rd1 Qf4+ 29. Kh1 e4 30. Rcxd6 Rxd6 31. Rxd6 Qxd6 32. Qxe4+ Kd7 33. Qb7+
Ke6 34. Qe4+ Kd7 35. Be5 Qc6 36. Qf5+ Qe6 37. Qd3+ Ke7 38. Qd4 Rd8 39. Qxh4+ f6
40. Bf4 Rd1+ 41. Kh2 Qf5 42. Bb8 Rb1 43. c5 Rxb3 44. Bd6+ Kd8 45. Bg3 Rd3 46.
Bd6 Rd5 47. Kg3 Qg5+ 48. Qg4 Qxg4+ 49. Kxg4 Rg5+ 50. Kf3 Rxh5 51. c6 Rd5 52.
Bf4 Rc5 53. c7+ Kd7 54. Ke4 Rc2 1/2-1/2